书目信息 |
| 题名: |
鬼谍
|
|
| 作者: | 文亦奇 著 | |
| 分册: | ||
| 出版信息: | 北京 中国友谊出版公司 1988 |
|
| 页数: | 244页 | |
| 开本: | 19cm | |
| 丛书名: | ||
| 单 册: | ||
| 中图分类: | I247.56 , I247.5 | |
| 科图分类: | ||
| 主题词: | 侦探小说--中国--现代 , 侦探小说 , 长篇小说--中国--现代 , 长篇小说 | |
| 电子资源: | ||
| ISBN: | 7-5057-0098-7 | |
| 000 | 00647nam0 2200253 450 | |
| 001 | 1560979631 | |
| 005 | 20150125165716.82 | |
| 010 | @a7-5057-0098-7@dCNY2.40 | |
| 100 | @a19960719d1988 em y0chiy0110 ea | |
| 101 | 0 | @achi |
| 102 | @aCN@b110000 | |
| 105 | @ay z 000ay | |
| 200 | 1 | @a鬼谍@9gui die@f文亦奇著 |
| 210 | @a北京@c中国友谊出版公司@d1988 | |
| 215 | @a244页@d19cm | |
| 606 | 0 | @a侦探小说@x中国@z现代 |
| 606 | 0 | @a侦探小说 |
| 606 | 0 | @a长篇小说@y中国@z现代 |
| 606 | 0 | @a长篇小说 |
| 690 | @aI247.56@v5 | |
| 690 | @aI247.5@v4 | |
| 701 | 0 | @a文亦奇@9wen yi qi@4著 |
| 801 | 0 | @aCN@bTSSF@c20150125 |
| 905 | @aZUCC@dI247.5@eJY279 | |
| 鬼谍/文亦奇著.-北京:中国友谊出版公司,1988 |
| 244页;19cm |
| ISBN 7-5057-0098-7:CNY2.40 |
| ● |
| 相关链接 |
|
|
|
|
正题名:鬼谍
索取号:I247.5/JY279
 
预约/预借
| 序号 | 登录号 | 条形码 | 馆藏地/架位号 | 状态 | 备注 |
| 1 | 7854884 | 278548840 | 学院路分馆/ [索取号:I247.5/JY279] | 在馆 |